Statistics for Top 20 languages in the world by total GDP

Click here to take the quiz!

General Stats

  • This quiz has been taken 9,379 times
    (4,354 since last reset)
  • The average score is 17 of 20

Answer Stats

GDP (US$million)Language% Correct
24,859,750English
100%
14,726,000Chinese
99%
4,765,000Spanish
99%
3,410,000French
98%
4,818,000German
97%
5,154,000Japanese
96%
2,749,000Arabic
95%
1,865,000Russian
95%
2,003,000Italian
93%
1,062,000Hindi
91%
1,647,000Korean
87%
2,084,000Portuguese
85%
1,489,000Malay
82%
1,127,000Dutch
81%
566,000Polish
79%
748,000Turkish
79%
471,000Persian
72%
542,000Swedish
72%
529,000Thai
67%
533,000Bengali
56%

Score Distribution

Percentile by Number Answered

Percent of People with Each Score

Your Score History

You have not taken this quiz since the last reset